000
00499nam a2200133Ia 4500
008
100328s9999 xx 000 0 und d
082
_b
27941
100
_a
वाळिंबे रा.शं.
245
_a
राजकारणी संत समर्थ रामदास
260
_b
नीहारा
630
_a
राजकारणी संत समर्थ रामदास
730
_a
राजकारणी संत समर्थ रामदास
942
_c
BOOK
999
_c
519600
_d
519597